Hợp tuyển văn học Châu Á T.2 Văn học Ấn Độ
Tuyển chọn các tác phẩm tiêu biểu của nhiều nhà văn, nhà thơ xuất sắc thuộc nền văn học ấn Độ từ cổ đại đến hiện đại
Shranjeno v:
| Format: | Knjiga |
|---|---|
| Jezik: | Vietnamese |
| Izdano: |
H.
Nxb. Đại học Quốc gia Hà Nội
2002
|
| Teme: | |
| Oznake: |
Označite
Brez oznak, prvi označite!
|
| Thư viện lưu trữ: | Mạng thư viện Đại học Đà Nẵng |
|---|
| LEADER | 01276nam a2200337 4500 | ||
|---|---|---|---|
| 001 | 000004402 | ||
| 003 | 541 | ||
| 005 | 20121211001226.0 | ||
| 008 | 110720s2002 viesd | ||
| 020 | |c 41800đ | ||
| 041 | 0 | |a vie | |
| 082 | |a 808.8 |b HOP | ||
| 245 | 1 | 0 | |a Hợp tuyển văn học Châu Á |c Lưu Đức Trung t. chọn, giới thiệu |n T.2 |p Văn học Ấn Độ |
| 260 | |a H. |b Nxb. Đại học Quốc gia Hà Nội |c 2002 | ||
| 300 | |a 517tr |c 20cm | ||
| 520 | |a Tuyển chọn các tác phẩm tiêu biểu của nhiều nhà văn, nhà thơ xuất sắc thuộc nền văn học ấn Độ từ cổ đại đến hiện đại | ||
| 653 | |a Hợp tuyển | ||
| 653 | |a Ấn Độ | ||
| 653 | |a Tác phẩm văn học | ||
| 773 | |b Hợp tuyển văn học Châu Á |w 538 | ||
| 910 | |d 20/07/2011 | ||
| OWN | |a LSP | ||
| AVA | |a UDN50 |b LSP |d 808.8 HOP |e available |t Error 5001 Not defined in file expand_doc_bib_avail. |f 5 |g 0 |h N |i 1 |k 1 | ||
| 999 | |a From the UDN01 | ||
| AVA | |a UDN50 |b LSP |d 808.8 HOP |e available |t Error 5001 Not defined in file expand_doc_bib_avail. |f 5 |g 0 |h N |i 1 |k 1 | ||
| TYP | |a Monograph | ||
| TYP | |a Printed language | ||
| 980 | |a Mạng thư viện Đại học Đà Nẵng | ||